00325nam a2200121Ia 4500008004100000100003800041245003800079260003100117300000900148650002400157942000700181999001500188190216s9999||||xx |||||||||||||| ||und|| aPuri B.R & Sharma.L.R 0aPrinciples Of Inorganic Chemistry bVallabh Publicationsc2004 a1488 aInorganic Chemistry cBK c3162d3162